Cẩm nang chăn nuôi vịt

Saved in:
Bibliographic Details
Main Author: Hội chăn nuôi Việt Nam
Format: Book
Language:Undetermined
Published: H. Nông Nghiệp 2002
Subjects:
Tags: Add Tag
No Tags, Be the first to tag this record!
Institutions: Trung tâm Học liệu Trường Đại học Cần Thơ
LEADER 00531nam a2200193Ia 4500
001 CTU_52400
008 210402s9999 xx 000 0 und d
020 |b 11000 
082 |a 636.597 
082 |b H452 
100 |a Hội chăn nuôi Việt Nam 
245 0 |a Cẩm nang chăn nuôi vịt 
245 0 |c Hội chăn nuôi Việt Nam 
260 |a H. 
260 |b Nông Nghiệp 
260 |c 2002 
650 |a poultry,ducks 
650 |x breeding 
980 |a Trung tâm Học liệu Trường Đại học Cần Thơ